Linie autobusowe N42 - N95 w Warszawie - Statystyki

Ogólne statystyki
  • Ten quiz został rozwiązany 5 razy
  • Średni wynik to 4 z 21
Statystyki odpowiedzi
Podpowiedź Odpowiedź % Poprawnych
Centrum - Janki (Pl. Szwedzki) N88
50%
Dw. Centralny - Metro Bemowo - Os. Górczewska N42
25%
Dw. Centralny - Chomiczówka N43
25%
Dw. Centralny - Zajezdnia Żoliborz N44
25%
Dw. Centralny - Lazurowa N45
25%
Dziekanów Leśny - Metro Młociny N56
25%
Truskaw (Skibińskiego) - Metro Młociny N58
25%
Dw. Centralny - Radzymin (Głowackiego) N61
25%
Dw. Centralny - PKP Wołomin N62
25%
Dw. Centralny - Chotomów N63
25%
Dw. Centralny - Wola Grzybowska N71
25%
Dw. Centralny - PKP Piaseczno N83
25%
Dw. Centralny - Os. Kabaty N86
25%
Dw. Centralny - Stare Bemowo - Os. Górczewska N95
25%
Dw. Centralny - Metro Młociny N46
0%
Metro Wilanowska - Waflowa N50
0%
Dw. Centralny - Choszczówka N64
0%
Dw. Centralny - Karczew (Stare Miasto) N72
0%
Dw. Centralny - Sarmacka N81
0%
Centrum - Pruszków (Os. Staszica/pętla) N85
0%
Dw. Centralny - Cm. Północny-Brama Zach. N91
0%
Nie znaleziono quizów pasujących do podanych kryteriów
Rozkład punktacji
Procent ludzi z każdym wynikiem
Percentyl według liczby udzielonych odpowiedzi
Twoja historia wyników
Nie rozwiązałeś tego quizu